College teachers and secularism: a survey of opinions, attitudes and outlooks (Record no. 11654)

MARC details
000 -LEADER
fixed length control field 00577nam a2200181Ia 4500
082 ## - DEWEY DECIMAL CLASSIFICATION NUMBER
Classification number RE.0016
100 ## - MAIN ENTRY--AUTHOR NAME
Personal name Engineer, Asghar Ali
245 #0 - TITLE STATEMENT
Title College teachers and secularism: a survey of opinions, attitudes and outlooks
260 ## - PUBLICATION, DISTRIBUTION, ETC. (IMPRINT)
Year of publication 0
Name of publisher Indian Council of Social Science Research, New Delhi
300 ## - PHYSICAL DESCRIPTION
Number of Pages 202p.
650 ## - SUBJECT ADDED ENTRY--TOPICAL TERM
Topical Term COLLEGE TEACHERS - MUMBAI
650 ## - SUBJECT ADDED ENTRY--TOPICAL TERM
Topical Term TEACHERS - MUMBAI
650 ## - SUBJECT ADDED ENTRY--TOPICAL TERM
Topical Term SECULARISM - INDIA
700 ## - ADDED ENTRY--PERSONAL NAME
Personal name Nair, P.K. jt. au.
700 ## - ADDED ENTRY--PERSONAL NAME
Personal name Nagar, Anil jt. au.
710 ## - ADDED ENTRY--CORPORATE NAME
Corporate name or jurisdiction name as entry element Centre for Study of Society and Secularism, Mumbai
942 ## - ADDED ENTRY ELEMENTS (KOHA)
Koha item type Research Reports
Source of classification or shelving scheme Dewey Decimal Classification
Holdings
Withdrawn status Lost status Damaged status Not for loan Home library Current library Date acquired Bill Date Full call number Accession Number Price effective from Koha item type
        NASSDOC Library NASSDOC Library 08/10/2004 2004-10-05 RE.0016 38044 18/04/2019 Research Reports
        NASSDOC Library NASSDOC Library 08/10/2004 2004-10-05 RE.0016 38412 18/04/2019 Books